Kalkulácia nákladov a cenová politika v trhovej ekonomike Pracovná kniha
Saved in:
| Main Author: | |
|---|---|
| Other Authors: | |
| Format: | Book |
| Language: | Slovak |
| Published: |
Bratislava
NOPPI
[1992]
|
| Edition: | 4. rozšír. a prepr. vyd. |
| Subjects: | |
| Tags: |
No Tags, Be the first to tag this record!
|
MARC
| LEADER | 00000nam a2200000 4500 | ||
|---|---|---|---|
| 001 | c002326 | ||
| 005 | 20221214085815.1 | ||
| 020 | |a 80-900976-1-8 | ||
| 041 | 0 | |a slo | |
| 044 | |a SK | ||
| 245 | 1 | 0 | |a Kalkulácia nákladov a cenová politika v trhovej ekonomike |b Pracovná kniha |c Adolf Stepan, Jozef Zechner |
| 250 | |a 4. rozšír. a prepr. vyd. | ||
| 264 | 1 | |a Bratislava |b NOPPI |c [1992] | |
| 300 | |a 133 s. | ||
| 610 | 2 | 0 | |a politika cenová |
| 610 | 2 | 0 | |a kalkulácia nákladov |
| 610 | 2 | 0 | |a hospodárstvo trhové |
| 610 | 2 | 0 | |a náklady a ceny |
| 610 | 2 | 0 | |a náklady úhrnné |
| 610 | 2 | 0 | |a náklady fixné |
| 610 | 2 | 0 | |a náklady variabilné |
| 610 | 2 | 0 | |a náklady jednotkové |
| 610 | 2 | 0 | |a účtovníctvo vnútropodnikové |
| 100 | 1 | |a Stepan, Adolf | |
| 700 | 1 | |a Zechner, Jozef | |